Loading...
| Literature - European | 2 | 5 | 0 | 1 | 80 | 27 | 89.86 | 4 | 7 | 0.00 | 0.00 |
| Literature - British | 3 | 3 | 0 | 1 | 75 | 19 | 73.67 | 5 | 6 | 0.00 | 0.00 |
| Literature - American | 1 | 3 | 0 | 1 | 45 | 44 | 92.00 | 2 | 4 | 0.00 | 0.00 |
| Fine Arts - Auditory | 2 | 2 | 1 | 1 | 45 | 24 | 77.25 | 3 | 4 | 0.00 | 0.00 |
| Fine Arts - Visual | 2 | 1 | 2 | 0 | 30 | 41 | 58.67 | 3 | 3 | 0.00 | 0.00 |
| Literature - World | 1 | 2 | 2 | 1 | 25 | 74 | 101.67 | 1 | 3 | 0.00 | 0.00 |
| Fine Arts - Other | 1 | 1 | 0 | 0 | 25 | 33 | 57.00 | 2 | 2 | 0.00 | 0.00 |
| History - Other | 1 | 1 | 0 | 0 | 25 | 55 | 61.50 | 0 | 2 | 0.00 | 0.00 |
| Mythology | 0 | 2 | 0 | 1 | 20 | 126 | 130.50 | 0 | 2 | 0.00 | 0.00 |
| Social Science | 1 | 1 | 1 | 1 | 20 | 67 | 96.50 | 1 | 2 | 0.00 | 0.00 |
| History - European | 0 | 2 | 0 | 0 | 20 | 66 | 85.00 | 1 | 2 | 0.00 | 0.00 |
| Religion | 1 | 0 | 1 | 0 | 10 | 47 | 47.00 | 0 | 1 | 0.00 | 0.00 |
| Religion- | 0 | 1 | 0 | 0 | 10 | 71 | 71.00 | 1 | 1 | 0.00 | 0.00 |
| Science - Biology | 0 | 1 | 0 | 0 | 10 | 77 | 77.00 | 0 | 1 | 0.00 | 0.00 |
| Social Science- Edited | 0 | 1 | 0 | 0 | 10 | 82 | 82.00 | 1 | 1 | 0.00 | 0.00 |
| Philosophy | 0 | 1 | 0 | 0 | 10 | 119 | 119.00 | 0 | 1 | 0.00 | 0.00 |
| Pop Culture | 0 | 1 | 0 | 0 | 10 | 102 | 102.00 | 1 | 1 | 0.00 | 0.00 |